स्वराज्य के लिए (Record no. 987)

MARC details
000 -LEADER
fixed length control field 01510 a2200277 4500
005 - DATE AND TIME OF LATEST TRANSACTION
control field 20080903112333.0
008 - FIXED-LENGTH DATA ELEMENTS--GENERAL INFORMATION
fixed length control field 080903t xxu||||| |||| 00| 0 hin d
010 ## - LCCN (DPL NO)
LC control number HIN-78907
020 ## - INTERNATIONAL STANDARD BOOK NUMBER
International Standard Book Number 8190219510
Terms of availability 150.00
035 ## - SYSTEM CONTROL NUMBER
System control number HN-51253
035 ## - SYSTEM CONTROL NUMBER
System control number B-326511
037 ## - SOURCE OF ACQUISITION
Source of stock number/acquisition D.B.Act / pub
082 ## - DEWEY DECIMAL CLASSIFICATION NUMBER
Classification number 954.0841
100 ## - MAIN ENTRY--PERSONAL NAME
Personal name रामप्रसाद "आसरे"
245 ## - TITLE STATEMENT
Title स्वराज्य के लिए
Statement of responsibility, etc रामप्रसाद "आसरे"
246 ## - VARYING FORM OF TITLE
Title proper/short title Swarajya ke liye
Remainder of title Ramprasad Asrey
260 ## - PUBLICATION, DISTRIBUTION, ETC. (IMPRINT)
Place of publication, distribution, etc दिल्ली
Name of publisher, distributor, etc अनुज पब्लिशिंग
Date of publication, distribution, etc 2005
270 ## - ADDRESS
Address 94, मानक विहार
City दिल्ली
Postal code 110092
300 ## - PHYSICAL DESCRIPTION
Extent 136पृ
Dimensions 22 सेमी (सजिल्द)
650 ## - SUBJECT ADDED ENTRY--TOPICAL TERM
Topical term or geographic name as entry element इतिहास
650 ## - SUBJECT ADDED ENTRY--TOPICAL TERM
Topical term or geographic name as entry element History
942 ## - ADDED ENTRY ELEMENTS (KOHA)
Institution code [OBSOLETE] dpl
Item type Hindi Books
Call number prefix 954.0841 / रामप्र
Source of classification or shelving scheme Dewey Decimal Classification
Classification part 954.0841
Call number suffix रामप्र
Holdings
Withdrawn status Lost status Source of classification or shelving scheme Damaged status Not for loan Collection code Home library Current library Date acquired Cost, normal purchase price Total Checkouts Full call number Barcode Date last seen Copy number Cost, replacement price Koha item type Source of acquisition
    Dewey Decimal Classification   Not For Loan Non-fiction D.B.Act.Division D.B.Act.Division 03/09/2008 150.00   954.0841 रामप्र HN-51253 15/09/2008 1 150.00 Hindi Books  
    Dewey Decimal Classification     Non-fiction Vinoba Puri Vinoba Puri 02/03/2009 150.00 2 954.0841 रामप्र B-317696 25/06/2012   150.00 Hindi Books  
    Dewey Decimal Classification     Non-fiction Vinoba Puri Vinoba Puri 27/03/2009 150.00   954.0841 रामप्र B-326511 27/03/2009 1 150.00 Hindi Books DBAD / PUB

© Delhi Public Library
Hit Counter
free hit counter